000 01061cam a2200277 a 4500
001 12284695
003 ARRUPE
005 20211019093743.0
008 010122s2001 nyu b 001 0 eng
010 _a 2001019034
020 _a1573928984 (alk. paper)
040 _aDLC
_cDLC
_dDLC
050 0 0 _aBL2747.7
_b.S35 2001
082 0 0 _a291.1/75
_221
100 1 _aSchlagel, Richard H.,
_d1925-
_919783
245 1 4 _aThe vanquished gods :
_bscience, religion, and the nature of belief /
_cRichard H. Schlagel.
260 _aAmherst, N.Y. :
_bPrometheus Books,
_cc2001.
300 _a349 p. ;
_c24 cm.
440 0 _aPrometheus lecture series
_950545
504 _aIncludes bibliographical references (p. 339-342) and index.
650 0 _aRationalism.
_985
650 0 _aReligion and science.
906 _a7
_bcbc
_corignew
_d1
_eocip
_f19
_gy-gencatlg
942 _2lcc
_cMONOGRAPH
999 _c130915
_d130915